Stealing into print : fraud, plagiarism, and misconduct in scientific publishing /

Ante la evidencia de plagio o copia ilícita de textos científicos, cabe preguntarse cuál es la responsabilidad moral tanto de quien propone un texto para su publicación como de quien lo edita y publica.

I tiakina i:
Ngā taipitopito rārangi puna kōrero
Kaituhi matua: Lafollette, Marcel C. (autor)
Hōputu: Pukapuka
Reo:Ingarihi
I whakaputaina: Berkeley, EUA : University of California, 1992, c1992
Ngā marau:
Ngā Tūtohu: Tāpirihia he Tūtohu
Kāore He Tūtohu, Me noho koe te mea tuatahi ki te tūtohu i tēnei pūkete!

MARC

LEADER 00000nam^a2200000^a^4500
001 000109851
005 20250521000000.0
009 20260310093736.579
020 |a 0-520-20513-8 
037 |a Acervo ITESO - Biblioteca 
041 |a ING 
082 |a 346. 0482  |b LAF 
100 |a Lafollette, Marcel C.  |e (autor) 
245 1 0 |a Stealing into print :  |b fraud, plagiarism, and misconduct in scientific publishing /  |c M.C. Lafollette. 
264 4 |a Berkeley, EUA :  |b University of California,  |c 1992, c1992 
300 |a VIII, 293 p. 
336 |a texto  |b txt  |2 rdacontenido 
337 |a sin mediación  |b n  |2 rdamedio 
338 |a volumen  |b nc  |2 rdasoporte 
520 |a Ante la evidencia de plagio o copia ilícita de textos científicos, cabe preguntarse cuál es la responsabilidad moral tanto de quien propone un texto para su publicación como de quien lo edita y publica. 
649 |a XX 
650 |a Científicos 
650 |a Falsificación y Plagio (Creación) -  |x Aspectos Eticos 
650 |a Derecho de Autor -  |x Aspectos Eticos 
650 |a Ciencia -  |x Difusión 
650 |a Etica Profesional 
910 |a Fondo General 
920 |a Impresos - Libros 
930 |a Colección General 
905 |a 101 
901 |a 0500046085  |b IT1  |c ACC  |u 20250521 
902 |a https://opac.biblio.iteso.mx/vufind/Record/000109851